000 01223cam a2200409 a 4500
003 OSt
005 20230925124853.0
008 061130s2006 ii a bf 000 0 eng
020 _a8181711246
025 _aI-E-2006-454166; 40
037 _bLibrary of Congress -- New Delhi Overseas Office
_cRs200.00 ($12.00 U.S.)
040 _cSTCPL
041 _aENG
042 _alcode
043 _aa-ii---
082 _a599.095 483
_bDIN-H
100 1 _aCheruvat, Dinesan
100 1 _aRadhakrishnan, C.
100 1 _aPalot, Muhamed Jafer
245 1 0 _aHandbook on mammals of Kerala /
_cby Dinesan Cheruvat, C.Radhakrishnan and Muhamed Jafer Palot
246 3 0 _aMammals of Kerala
260 _aKolkata :
_bZoological Survey of India ,
_c2006 .
300 _a154 p.
_bPB
300 _c23 cm.
504 _aIncludes bibliographical references (p. 150-154).
650 0 _aZoology
650 0 _aMammals
650 0 _aMontane shrew
650 0 _zIndia
_zKerala
_vHandbooks, manuals, etc.
710 2 _aZoological Survey of India.
906 _a7
_bcbc
_corigode
_d3
_encip
_f20
_gy-gencatlg
942 _cBK
942 _2ddc
942 _2ddc
_n0
942 _2ddc
_n0
999 _c75541
_d75541